Investigación educativa y pedagógica./ (Registro nro. 8638)

Detalles MARC
000 -LEADER
fixed length control field 01187nam a2200205Ia 4500
005 - FECHA Y HORA DE LA ÚLTIMA TRANSACCIÓN
control field 20250316111340.0
008 - FIXED-LENGTH DATA ELEMENTS--GENERAL INFORMATION
fixed length control field 230712s9999 xx 000 0 und d
020 ## - INTERNATIONAL STANDARD BOOK NUMBER
International Standard Book Number 9584102168
040 ## - CATALOGING SOURCE
Original cataloging agency UPAN
Transcribing agency Biblioteca San Vicente
Description conventions RCAA2
041 ## - LANGUAGE CODE
Language code of text/sound track or separate title spa
082 ## - DEWEY DECIMAL CLASSIFICATION NUMBER
Classification number 370.7
Item number F567i
año de publicación 2001
100 ## - MAIN ENTRY--PERSONAL NAME
Personal name Flores Ochoa, Rafael
Relator code aut.
245 #0 - TITLE STATEMENT
Title Investigación educativa y pedagógica./
Remainder of title Rafael Flòrez Ochoa
260 ## - PUBLICATION, DISTRIBUTION, ETC. (IMPRINT)
Place of publication, distribution, etc Colombia:
Name of publisher, distributor, etc Mc Graw hill,
Date of publication, distribution, etc 2001
300 ## - PHYSICAL DESCRIPTION
Extent 212 p.;
Dimensions 23 cm.
505 ## - FORMATTED CONTENTS NOTE
Formatted contents note Capitulo 1. El cambio del enfoque investigativo<br/>Capitulo 2. El campo disciplinar de la pedagogía<br/>Capitulo 3. ¿ Como empezar a investigar?<br/>Capitulo 4. Fase de exploración: El objeto de investigación <br/>Capitulo 5. Fase de exploración: Momento de formulación <br/>Capitulo 6. Fase de teorización <br/>Capitulo 7. Fase de validación<br/>Capitulo 8. Diseños de investigación educativa<br/>Capitulo 9. Investigación evaluativa y curricular<br/>Capitulo 10. Investigación hermenéutica y pedagogía <br/>Capitulo 11. La enseñanzabilidad de las ciencias: un campo pedagógico inexplorado
650 ## - SUBJECT ADDED ENTRY--TOPICAL TERM
Source of heading or term LEMB
Topical term or geographic name as entry element Investigación
General subdivision Educación
9 (RLIN) 3
700 ## - ADDED ENTRY--PERSONAL NAME
Personal name Alonso Tabon Restrepo
Relator code col.
942 ## - ADDED ENTRY ELEMENTS (KOHA)
Koha item type Libros
Source of classification or shelving scheme Dewey Decimal Classification
Existencias
Withdrawn status Lost status Source of classification or shelving scheme Damaged status Not for loan Collection code Home library Current library Date acquired Total Checkouts Full call number Barcode Date last seen Copy number Price effective from Koha item type
    Dewey Decimal Classification     Colección General Biblioteca UPAN San Vicente Biblioteca UPAN San Vicente 12/07/2023   370.7 F567i 12001284 12/07/2023 01 12/07/2023 Libros
    Dewey Decimal Classification     Colección General Biblioteca UPAN San Vicente Biblioteca UPAN San Vicente 12/07/2023   370.7 F567i 12001283 24/07/2023 02 12/07/2023 Libros